Himar bertuah

Bibliographic Details
Main Author: Wan Mohd Azmin Wan Dolah
Other Authors: Azmi Md. Taha (Illustrator)
Format: Book
Series:Siri binatang syurga
Subjects:

MARC

LEADER 00000cam a2200000 7i4500
001 0000008091
002 000008829
005 20000330.0
020 |a 9839255142 
090 0 0 |a 297   |b WAN 
100 0 |a Wan Mohd Azmin Wan Dolah 
245 1 0 |a Himar bertuah   |c Wan Mohd Azmin Wan Dolah 
300 |a 24 p. :   |b ill. ;   |c 28 cm. 
490 0 |a Siri binatang syurga 
650 0 0 |a Islamic stories, Malay 
700 0 |a Azmi Md. Taha ,   |e ill 
999 |a 047330   |b BUKU   |c PINJAMAN   |e PERPUSTAKAAN KOMUNITI CAW KOTA DAMANSARA